000 00247nmm a2200085Ia 4500
008 220120s9999||||xx |||||||||||||||||und||
100 _aDIGIT-March-2009 (DVD)
245 0 _aBurnout paradise, fear project origen, easy game development
260 _c2009
999 _c139296
_d139296